| 000 | 00543cam a2200205 4500 | ||
|---|---|---|---|
| 008 | 090401t1986 xxu||||| |||| 00| 0 eng d | ||
| 020 | _a0003832538 | ||
| 035 | _a(Sirsi) u40111 | ||
| 041 | _aeng | ||
| 050 | _a692.8 | ||
| 110 |
_aAqua Group _9865 |
||
| 245 | _aContract administration for architects and quantity surveyors | ||
| 250 | _a6th ed. | ||
| 260 |
_aLondon _bCollins _c1986 |
||
| 300 | _ax,101p. : ill. ; 24cm. | ||
| 350 | _a8.95 | ||
| 650 | _aBUILT ENVIRONMENT-BUILDING CONTRACT FORMS | ||
| 942 | _n0 | ||
| 948 | _c04/03/1997 | ||
| 999 |
_c90846 _d90846 |
||